| 000 | 00699nam a22001697a 4500 | ||
|---|---|---|---|
| 005 | 20230927114751.0 | ||
| 020 |
_a9789354498398 _c620.00 |
||
| 082 |
_a540 _2Tenth |
||
| 245 |
_aPearsons IIT Foundation Physics 2022 : _bPaper-1 & Paper 2 2013-2022 / |
||
| 250 | _aTenth | ||
| 260 |
_aNoida _bPearson India Education Services Private Limited _c2022 |
||
| 270 |
_a15th, Floor , Tower-B, World Trade Tower, Plot no 1, Block- C, Sector-16 _bUttar Pradesh _e201301 _k044-66540100 _k9821874015 |
||
| 300 |
_avp. _c26cm(pbk) |
||
| 500 | _aA Pathway to Crack JEE Useful for NTSE and Other Olympiad Exams | ||
| 942 |
_2ddc _cEN _h540 _mPEA |
||
| 999 |
_c198585 _d198585 |
||